00656nam a2200193 i 4500001000300000100002300003245010700026260005800133300002800191504001400219650001200233655003000245020001500275040000800290041000800298080001700306008004100323856009800364bg1 aPACZYŃSKI, Piotr10aMetrologia techniczna :bprzewodnik do wykładów, ćwiczeń i laboratoriów /cPiotr Paczyński. aPoznań :bWydaw. Politechniki Poznańskiej,c2003. a324 s. :bil. ;c30 cm. aBibliogr. 9aPomiary aPodręczniki akademickie a8371435320 cBPK0 apol a531.7(075.8) s pl f |000 0 pol  uhttp://koha.tu.koszalin.pl/cgi-bin/koha/opac-detail.pl?biblionumber=43067yKatalog online BPK